000 00961cad a22002295a 4500
001 L153636
008 110811s2011 xxk f 000 0 eng d
020 _a97814098307334
035 _a(Sirsi) u153636
041 0 _aeng
110 2 _aUnited Kingdom
_bDepartment for Communities and Local Government
_94939
245 0 0 _aApportionment of rents and rent charges
_bRentcharges Act 1977 and Landlord and Tenant Act 1927
_h[electronic resource]
260 _aLondon
_bDCLG
_c2011
520 _aOutlines procedure for applying for apportionment of rent and rent charges under the Rentcharges Act 1977 and Landlord and Tenant Act 1927.
590 _aKA
650 2 4 _aRENTCHARGES ACT 1977
650 2 4 _aLANDLORD AND TENANT ACT 1927
651 4 _aENGLAND AND WALES
690 _aPROPERTY-RESIDENTIAL PROPERTY
856 4 0 _uhttps://www.communities.gov.uk/documents/housing/pdf/1962806.pdf
_zView the item free of charge at www.communities.gov.uk
942 _n0
999 _c112621
_d112621